| 000 | 01039 a2200169 4500 | ||
|---|---|---|---|
| 003 | NUST | ||
| 005 | 20230131163124.0 | ||
| 040 | _cNust | ||
| 082 | _a942,NIC | ||
| 100 |
_aNichols, Beverley _917923 |
||
| 245 |
_aNews Of England : _bor A country Without a hero / _cBeverley Nichols |
||
| 260 |
_aLondon _bJonathan Cape _c1938 |
||
| 300 | _a316:p. | ||
| 505 | _aA Country Without A Hero (Page-11), Towers Of Babel (Page-27), The Sound Of The Sirens (Page-41), Up In The Clouds (Page-57), The Goddess Of Change (Page-71), The Sober Truth (Page-87), The Flock And The Fathers (Page-99), Study In Red (Page-115), Home Of Lost Causes (Page-133), Pagliacci (Page-151), Society Pageant (Page-161), Fine Feathers (Page-175), Divertissement (Page-187), Wave Length (Page-199), Softly,Softly, Catchee Monkey (Page-215), Distressed Area (Page-233), Black Diamonds (Page-247), Down The Mine (Page-257), Interlude At Lincoln (Page-265), Unknown Quantity (Page-281), The Bitter End (Page-305). | ||
| 650 |
_aEngland _9108302 |
||
| 942 |
_2ddc _cBK _k942,NIC |
||
| 999 |
_c187218 _d187218 |
||